000
00320nam a22001457a 4500
008
231004b ||||| |||| 00| 0 eng d
020
_a
9780195088212
041
_a
eng
080
_a
339.9
082
_a
339.9SAP
100
_a
44
101
_a
FILOZ
245
_a
EVOLUTION BY ASSOCIATION
_c
SAPP.J
942
_2
udc
_c
BK
999
_c
60420
_d
60420